<?xml version="1.0" encoding="UTF-8"?>
<collection xmlns="http://www.loc.gov/MARC21/slim">
 <record>
  <leader>00954nam a2200229 a 4500</leader>
  <controlfield tag="001">11437354</controlfield>
  <controlfield tag="008">090514s1982    enkhr p       0   a0eng d</controlfield>
  <datafield tag="010" ind1=" " ind2=" ">
   <subfield code="a">\\\94643451 </subfield>
   <subfield code="z">sn 87024479 </subfield>
  </datafield>
  <datafield tag="020" ind1=" " ind2=" ">
   <subfield code="a">0709903030</subfield>
  </datafield>
  <datafield tag="040" ind1=" " ind2=" ">
   <subfield code="a">CSS</subfield>
   <subfield code="c">CSS</subfield>
   <subfield code="d">DNAL</subfield>
   <subfield code="d">NST</subfield>
   <subfield code="d">OCoLC</subfield>
   <subfield code="d">NST</subfield>
   <subfield code="d">DNAL</subfield>
   <subfield code="d">DLC</subfield>
   <subfield code="d">DNAL</subfield>
   <subfield code="d">DLC</subfield>
   <subfield code="d">OCoLC</subfield>
   <subfield code="d">OCoLC</subfield>
  </datafield>
  <datafield tag="082" ind1="0" ind2="0">
   <subfield code="a">639/.8</subfield>
   <subfield code="2">20</subfield>
  </datafield>
  <datafield tag="245" ind1="0" ind2="0">
   <subfield code="a">Recent advances in aquaculture /</subfield>
   <subfield code="c">edited by James F. Muir and Ronald J. Roberts</subfield>
  </datafield>
  <datafield tag="260" ind1=" " ind2=" ">
   <subfield code="a">London :</subfield>
   <subfield code="b">Croom Helm ;</subfield>
   <subfield code="a">Boulder, Colo. :</subfield>
   <subfield code="b">Westview Press,</subfield>
   <subfield code="c">c1982-</subfield>
  </datafield>
  <datafield tag="300" ind1=" " ind2=" ">
   <subfield code="a">v. :</subfield>
   <subfield code="b">ill. ;</subfield>
   <subfield code="c">24 cm.</subfield>
  </datafield>
  <datafield tag="362" ind1="0" ind2=" ">
   <subfield code="a">[Vol. 1]-</subfield>
  </datafield>
  <datafield tag="541" ind1="1" ind2=" ">
   <subfield code="e">00004731</subfield>
  </datafield>
  <datafield tag="650" ind1=" " ind2="0">
   <subfield code="a">Aquaculture</subfield>
   <subfield code="v">Periodicals.</subfield>
  </datafield>
  <datafield tag="700" ind1="1" ind2=" ">
   <subfield code="a">Muir, J. F.</subfield>
   <subfield code="q">(James F.)</subfield>
  </datafield>
  <datafield tag="700" ind1="1" ind2=" ">
   <subfield code="a">Roberts, Ronald J.,</subfield>
   <subfield code="d">1941-</subfield>
  </datafield>
  <datafield tag="852" ind1="4" ind2=" ">
   <subfield code="a">Ayesha Abed Library</subfield>
   <subfield code="j">Generalshelf </subfield>
  </datafield>
  <datafield tag="999" ind1=" " ind2=" ">
   <subfield code="c">708</subfield>
   <subfield code="d">708</subfield>
  </datafield>
  <datafield tag="952" ind1=" " ind2=" ">
   <subfield code="0">0</subfield>
   <subfield code="1">0</subfield>
   <subfield code="2">ddc</subfield>
   <subfield code="4">0</subfield>
   <subfield code="6">639_800000000000000_REC_1982</subfield>
   <subfield code="7">0</subfield>
   <subfield code="9">651</subfield>
   <subfield code="a">BRACUL</subfield>
   <subfield code="b">BRACUL</subfield>
   <subfield code="c">GEN</subfield>
   <subfield code="d">2009-05-14</subfield>
   <subfield code="g">0.00</subfield>
   <subfield code="l">0</subfield>
   <subfield code="o">639.8 REC</subfield>
   <subfield code="p">3010004731</subfield>
   <subfield code="r">2009-05-14</subfield>
   <subfield code="t">1</subfield>
   <subfield code="w">2009-05-14</subfield>
   <subfield code="y">BK</subfield>
   <subfield code="x">No price found in the accession register.</subfield>
  </datafield>
 </record>
</collection>
